| 000 | 00686nam a2200217Ii 4500 | ||
|---|---|---|---|
| 003 | JO-AjNU | ||
| 008 | 230605s9999||||xx |||||||||||||| ||und|| | ||
| 017 | _a2000/11554 | ||
| 020 | _a977-5849-22-5 | ||
| 040 |
_aJO-AjNU _bara _erda _cJO-AjNU |
||
| 041 | _aara | ||
| 050 | 1 | 4 | _aAC106.2000 |
| 100 | 3 |
_aاسماعيل،عبد السلام, _eauthor _918488 |
|
| 245 | 0 | 0 | _aرحلة بين رفوف الكتب |
| 264 | 3 | 1 | _aالقاهرة:دار الجميل للنشر والتوزيع والاعلام ،2000 |
| 300 | _a222ص | ||
| 336 |
_atext _btxt _2rdacontent |
||
| 337 |
_aunmediated _bn _2rdamedia |
||
| 338 |
_avolume _bnc _2rdacarrier |
||
| 650 | 4 |
_aمعارف عامة _918489 |
|
| 999 |
_aA5922 _c9490 _d9490 |
||